Sarkastická svině /

Detektivní román z Prahy. Soukromá vyšetřovatelka Sára Hauptmanová musí vyřešit vraždu podnikatele s vazbou na mafii.

Hlavní autor: Slaninová, Jana, 1974-
Jazyk: Čeština
Vydáno: V Praze : Jana Slaninová, 2024
Vydání: První vydání, 1. tištěné
Edice: Bookla
Témata:
Fyzický popis: 142 stran ; 20 cm
Knihy
Uloženo v:
LEADER 02252nam a2200481 i 4500
001 nkc20243624129
003 CZ PrNK
005 20241106193353.0
007 ta
008 241014s2024 xr g 000 f cze
015 |a cnb003624129 
020 |a 978-80-11-05231-7  |q (brožováno) 
035 |a (OCoLC)1477948453 
040 |a ABG001  |b cze  |e rda 
072 7 |a 821.162.3-3  |x Česká próza  |2 Konspekt  |9 25 
080 |a 821.162.3-31  |2 MRF 
080 |a (0:82-312.4)  |2 MRF 
080 |a (0:82-31)-055.2  |2 MRF 
100 1 |a Slaninová, Jana,  |d 1974-  |7 xx0303212  |4 aut 
245 1 0 |a Sarkastická svině /  |c Jana Slaninová 
250 |a První vydání, 1. tištěné 
264 1 |a V Praze :  |b Jana Slaninová,  |c 2024 
300 |a 142 stran ;  |c 20 cm 
336 |a text  |b txt  |2 rdacontent 
337 |a bez média  |b n  |2 rdamedia 
338 |a svazek  |b nc  |2 rdacarrier 
490 1 |a Bookla 
500 |a "Vydal: powerpirnt s.r.o., pod značkou Bookla"--Tiráž 
520 2 |a Detektivní román z Prahy. Soukromá vyšetřovatelka Sára Hauptmanová musí vyřešit vraždu podnikatele s vazbou na mafii.  |b Sára Hauptmanová, žena s ostrou muškou a ještě ostřejším jazykem, stojí před skutečně podivným případem. Čerstvá vdova a hlavní podezřelá v celém případu si ji najme, aby vystopovala vraha jejího manžela - vlivného podnikatele s vazbami na ministerstvech i v podsvětí. Kdo vlastně byl zesnulý Richard Najbrt, a hlavně - kdo by ho chtěl skutečně zavraždit? Jisté je jen to, že vrah po sobě dokázal dokonale zahladit stopy. Začíná boj s časem. Ve chvíli, kdy začne jít o život i samotné Sáře, je jasné, že vrah je mnohem blíž, než čekala. 
655 7 |a české romány  |7 fd133974  |2 czenas 
655 7 |a detektivní romány  |7 fd132010  |2 czenas 
655 7 |a romány pro ženy  |7 fd187897  |2 czenas 
655 9 |a Czech fiction  |2 eczenas 
655 9 |a detective novels  |2 eczenas 
655 9 |a women's novels  |2 eczenas 
830 0 |a Bookla  |0 s 
910 2 |a BOA001  |b 1-1535.007 
920 |a 5019313  |z ABG001 
928 9 |a Powerprint 
990 |a BK 
995 |a 01 
991 |b 202411  |c NOV 
996 6 |b 2610984049  |c 1-1535.007  |l MZK  |r Sklad / do 1 hodiny  |n 0  |p p.v.  |w 001982354  |u 000010  |a 1  |e BOA001  |j MZK50  |s P